| 000 | 01062cam a22003257a 4500 | ||
|---|---|---|---|
| 003 | CHAP | ||
| 005 | 20220329134255.0 | ||
| 008 | 971013s1984 r 00010 d | ||
| 010 | _a17945 | ||
| 011 | _a18917 | ||
| 035 | _a23002 | ||
| 040 | _cCHAP | ||
| 090 | _aTesis | ||
| 100 | 0 | 0 |
_aCeceñas Esquivel, Javier. _920821 |
| 245 | 1 | 3 |
_aLa industria del maíz en México _b: análisis de precios y subsidera |
| 260 |
_aChapingo, Méx. : _bEl autor, _c1984 |
||
| 300 | _a242 h. | ||
| 502 | _aTesis (Ing. Agr. Esp. en Economía Agrícola) -- UACH. Departamento de Economía Agrícola. | ||
| 590 |
_aALEPH _b10 _c20130110 _lUCH01 _h1241 |
||
| 590 |
_aBATCH-UPD _b10 _c20130110 _lUCH01 _h1141 |
||
| 590 |
_aBATCH-UPD _b10 _c20130410 _lUCH01 _h0727 |
||
| 590 |
_aBATCH-UPD _b10 _c20130913 _lUCH01 _h2251 |
||
| 590 |
_aCONVERSION _b10 _c20130109 _lUCH01 _h1311 |
||
| 650 | 1 | 4 |
_aAgricultura y Estado. _92035 |
| 650 | 1 | 4 |
_aMaíz _xPrecios. _971039 |
| 650 | 1 | 4 |
_aMaíz _xProcesado. _971040 |
| 901 | _aBK | ||
| 942 | _cTESIS | ||
| 949 |
_bBC _cTES _d-53642 _eTS1 _h17109 _i23002 _si |
||
| 999 |
_c17945 _d17945 |
||